ARRUPE JESUIT UNIVERSITY

CORONAVIRUS -STOP THE SPREAD - CLEAN,DISINFECT,COVER

To hell with democracy? / (Record no. 7419)

MARC details
000 -LEADER
fixed length control field 01043cam a2200301 a 4500
001 - CONTROL NUMBER
control field 169822
003 - CONTROL NUMBER IDENTIFIER
control field ARRUPE
005 - DATE AND TIME OF LATEST TRANSACTION
control field 20170612102820.0
008 - FIXED-LENGTH DATA ELEMENTS--GENERAL INFORMATION
fixed length control field 980803s1997 nr 001 0 eng d
010 ## - LIBRARY OF CONGRESS CONTROL NUMBER
LC control number 98178262
020 ## - INTERNATIONAL STANDARD BOOK NUMBER
International Standard Book Number 9781564210
035 ## - SYSTEM CONTROL NUMBER
System control number (OCoLC)38938085
040 ## - CATALOGING SOURCE
Original cataloging agency NcD
Transcribing agency NcD
Modifying agency CU
-- DLC
042 ## - AUTHENTICATION CODE
Authentication code lccopycat
043 ## - GEOGRAPHIC AREA CODE
Geographic area code f-nr---
050 00 - LIBRARY OF CONGRESS CALL NUMBER
Classification number DT515.842
Item number .O57 1997
082 00 - DEWEY DECIMAL CLASSIFICATION NUMBER
Classification number 320.9669
Edition number 21
300 ## - PHYSICAL DESCRIPTION
Dimensions 21 cm.
100 1# - MAIN ENTRY--PERSONAL NAME
Personal name Onovo, Nnaji Jekwu.
9 (RLIN) 8154
245 10 - TITLE STATEMENT
Title To hell with democracy? /
Statement of responsibility, etc Nnaji Jekwu Onovo.
260 ## - PUBLICATION, DISTRIBUTION, ETC. (IMPRINT)
Place of publication, distribution, etc Enugu, Nigeria :
Name of publisher, distributor, etc Fourth Dimension Pub.,
Date of publication, distribution, etc 1997.
300 ## - PHYSICAL DESCRIPTION
Extent xiii, 196 p. ;
500 ## - GENERAL NOTE
General note Includes index.
651 #0 - SUBJECT ADDED ENTRY--GEOGRAPHIC NAME
Geographic name Nigeria
General subdivision Politics and government
Chronological subdivision 1984-1993.
9 (RLIN) 29404
651 #0 - SUBJECT ADDED ENTRY--GEOGRAPHIC NAME
Geographic name Nigeria
General subdivision Politics and government
Chronological subdivision 1993-2007.
9 (RLIN) 13505
906 ## - LOCAL DATA ELEMENT F, LDF (RLIN)
a 7
b cbc
c copycat
d 3
e ncip
f 19
g y-gencatlg
942 ## - ADDED ENTRY ELEMENTS (KOHA)
Source of classification or shelving scheme Library of Congress Classification
Koha item type Monograph ( Printed materials)
Holdings
Withdrawn status Lost status Source of classification or shelving scheme Damaged status Not for loan Collection code Home library Current library Shelving location Date acquired Total Checkouts Full call number Barcode Date last seen Date checked out Copy number Price effective from Koha item type
    Library of Congress Classification     Main Collection ARRUPE LIBRARY ARRUPE LIBRARY   04/03/2013 4 DT515.842.O571997 46003034318 21/11/2022 07/11/2022 1 04/03/2013 Monograph ( Printed materials)

 

Arrupe Library. PO Box MP320 Mt Pleasant, Harare, Zimbabwe
263 242 745411|librarian@aju.ac.zw